000 00671nam a2200205Ia 4500
005 20260121110032.0
008 008 260114s9999 xx 000 0 hin d
020 _a9788132350873
037 _aEBOOK
040 _aCRL
_bhin
_cCRL
041 _ahin
_2hin
084 _qCRL
100 _aकामेश्वर ठाकुर / Kameshwar Thakur
_9941261
245 0 _aजैविक रसायन विश्लेषण / Jaivik Rasayan Vishleshan
260 _bभाषा प्रकाशन / Bhasha Prakashan
_c2020
856 _uhttps://bhashaprakashan.com/product-details/378427
942 _cEBOOK
999 _c1532926
_d1532926